| 000 | 00648nam a22002057a 4500 | ||
|---|---|---|---|
| 005 | 20150625113042.0 | ||
| 010 | _aENG-112874 | ||
| 020 |
_c595.00 _a9789350354827 |
||
| 035 | _aEN-96406 | ||
| 037 | _bDBAD/PUB | ||
| 082 | _a346.540436 | ||
| 100 | _aGupta, K.K. | ||
| 245 |
_aUniversal's guide to registration of property, deeds, documents etc. in Delhi / _cby K.K.Gupta |
||
| 250 | _a2nd ed | ||
| 260 |
_a Delhi _bUniversal Law Publishing _c2014 |
||
| 270 |
_aA-58, G.T Karnal Road Industrial Estate, _bDelhi _e110033 |
||
| 300 |
_axxviii,415p. _c25cm(pbk) |
||
| 500 | _aIncludes index | ||
| 942 |
_2ddc _cEN _mGUP _h346.540436 |
||
| 999 |
_c93348 _d93348 |
||